Statistics for Athletes By Last Name Quiz

Click here to take the quiz!

General Stats

  • This quiz has been taken 48 times
  • The average score is 17 of 34

Answer Stats

First NamesLast Names% Correct
Andre, Calvin, MagicJohnson
97%
Mario, Serena, TedWilliams
86%
Bruce, J.R, OzzieSmith
84%
Bo, Fred, DeSeanJackson
78%
Randy, Chipper, AdamJones
78%
Archie, Eli, PeytonManning
76%
Frank, Isiah, DemaryiusThomas
73%
Ryan, Reggie, VonMiller
68%
Klay, Mychal, TrayceThompson
68%
Russell, Curtis, KevinMartin
65%
Barry, Deion, BobSanders
62%
Pedro, Ramon, J.DMartinez
59%
Chris, Steve, CyYoung
59%
Alex, Ivan, JamesRodriguez
57%
Danny, Draymond, JeffGreen
54%
Ray, Marcus, JaredAllen
51%
Brooks, Frank, DavidRobinson
51%
C.J, Russell, BrianWilson
51%
Felix, Keith, AaronHernandez
49%
Ray, Carl, JamalLewis
49%
Derrek, Cliff, CourtneyLee
46%
Brook, Robin, JavyLopez
46%
Chris, Anthony, TerrellDavis
43%
Jeff, Freddy, SergioGarcia
38%
Reggie, Roddy, Jo JoWhite
38%
Jim, Tim, PaulBrown
32%
Chris, Franco, TommieHarris
30%
Brett, Nick, GarrettAnderson
27%
Dallas, Will, JackClark
24%
Adrian, Carlos, Chi-ChiGonzalez
24%
Bill, DeAngelo, GlennHall
22%
Adam, John, ByronScott
22%
Todd, Larry, NeilWalker
16%
Ryan, Matt, HermanMoore
14%

Score Distribution

Percentile by Number Answered

Percent of People with Each Score

Your Score History

You have not taken this quiz